Seminario sobre población y desarrollo / (Registro nro. 8758)
[ vista simple ]
| 000 -LEADER | |
|---|---|
| fixed length control field | 01879nam a2200277Ia 4500 |
| 003 - CONTROL NUMBER IDENTIFIER | |
| control field | OSt |
| 005 - DATE AND TIME OF LATEST TRANSACTION | |
| control field | 20211118113808.0 |
| 008 - FIXED-LENGTH DATA ELEMENTS--GENERAL INFORMATION | |
| fixed length control field | 210310s1990 ck fr 100 0 spa d |
| 040 ## - CATALOGING SOURCE | |
| Original cataloging agency | CO-JMCR |
| Transcribing agency | CO-JMCR |
| 041 0# - LANGUAGE CODE | |
| Language code of text/sound track or separate title | spa |
| 082 04 - DEWEY DECIMAL CLASSIFICATION NUMBER | |
| Classification number | 338.9006 / |
| Item number | S471s |
| Edition number | 23 |
| 111 2# - MAIN ENTRY--MEETING NAME | |
| Meeting name or jurisdiction name as entry element | Seminario sobre población y desarrollo |
| Date of meeting or treaty signing | (1990 : |
| Location of meeting | Paipa, Boyacá) |
| 9 (RLIN) | 41585 |
| 245 10 - TITLE STATEMENT | |
| Title | Seminario sobre población y desarrollo / |
| Statement of responsibility, etc. | Augusto Ángel Moya, Ulpiano Ayala Orama, Augusto Franco Arbeláez, [y otros 6] ; edición, Rodolfo Heredia Benítez |
| 260 ## - PUBLICATION, DISTRIBUTION, ETC. | |
| Place of publication, distribution, etc. | [Bogotá] : |
| Name of publisher, distributor, etc. | CCRP : CEDE : Universidad de los Andes, |
| Date of publication, distribution, etc. | 1990 |
| 300 ## - PHYSICAL DESCRIPTION | |
| Extent | 163 páginas ; |
| Dimensions | 27 cm. |
| 500 ## - GENERAL NOTE | |
| General note | Incluye notas a pie de página. |
| 504 ## - BIBLIOGRAPHY, ETC. NOTE | |
| Bibliography, etc. note | Bibliografía al final de cada capítulo. |
| 520 3# - SUMMARY, ETC. | |
| Summary, etc. | El seminario de Población y Desarrollo se concibió como una respuesta institucional a la necesidad percibida, en la Corporación Centro Regional de Población (CCRP) y en el Centro de Estudios sobre Desarrollo Económico de la Universidad de los Andes (CEDE), de redefinir, en el país, las áreas prioritarias de investigación en el campo de los estudios de población. Una reflexión en este sentido era necesaria para dar continuidad a una tradición de investigación de más de veinticinco años, porque se requiere con urgencia un replanteamiento temático y porque es imperioso que en esa redefinición se incorporen las implicaciones de los cambios demo-sociales, dentro de los nuevos escenarios previsibles, de corto y mediano plazo. |
| 650 14 - SUBJECT ADDED ENTRY--TOPICAL TERM | |
| Topical term or geographic name entry element | Demografía |
| 9 (RLIN) | 18205 |
| Form subdivision | Congresos, seminarios, etc. |
| 651 #4 - SUBJECT ADDED ENTRY--GEOGRAPHIC NAME | |
| Geographic name | Colombia |
| Form subdivision | Congresos, seminarios, etc. |
| General subdivision | Población |
| 9 (RLIN) | 41586 |
| 700 1# - ADDED ENTRY--PERSONAL NAME | |
| Personal name | Ángel Moya, Augusto, |
| Relator term | autor |
| 9 (RLIN) | 41587 |
| 700 1# - ADDED ENTRY--PERSONAL NAME | |
| Personal name | Ayala Orama, Ulpiano, |
| Relator term | autor |
| 9 (RLIN) | 41588 |
| 700 1# - ADDED ENTRY--PERSONAL NAME | |
| Personal name | Franco Arbeláez, Augusto, |
| Relator term | autor |
| 9 (RLIN) | 41589 |
| 700 1# - ADDED ENTRY--PERSONAL NAME | |
| Personal name | Heredia Benítez, Rodolfo, |
| Relator term | editor |
| 9 (RLIN) | 41590 |
| 942 ## - ADDED ENTRY ELEMENTS (KOHA) | |
| Source of classification or shelving scheme | Dewey Decimal Classification |
| Koha item type | Books |
| Withdrawn status | Lost status | Source of classification or shelving scheme | Damaged status | Not for loan | Collection code | Home library | Current library | Date acquired | Source of acquisition | Full call number | Barcode | Date last seen | Copy number | Koha item type |
|---|---|---|---|---|---|---|---|---|---|---|---|---|---|---|
| Dewey Decimal Classification | Non-fiction | Biblioteca Pública José María del Castillo y Rada | Biblioteca Pública José María del Castillo y Rada | 04/15/2018 | Donación | 338.9006 / S471s | 430004918 | 05/16/2024 | Ej.1 | Books |